000 00442nam a2200145 4500
999 _c509478
_d509478
008 190509b ||||| |||| 00| 0 eng d
100 _aSanwal, Piyush Kumar
_95333
245 _aUAVs - the salient force multipliers in future Air Defence Operations
260 _c2018
300 _ap.574-583.
650 _aWarfare
_96129
773 _aJournal of the United Service Institution of India
906 _aDefence, National
942 _2ddc
_cAR